|
|
|
|
| LEADER |
00000nam a2200000 a 4500 |
| 001 |
vtls011557845 |
| 003 |
SK-MaSNL |
| 005 |
20260301220430.0 |
| 008 |
160606s2016 xo o g 000 0 ger |
| 015 |
|
|
|a SNBA2016/07
|
| 020 |
|
|
|a 9788097033255 (brož.)
|z 9788097033231
|
| 040 |
|
|
|a SNK
|b slo
|c SNK
|e AACR2
|
| 041 |
1 |
|
|a ger
|h slo
|
| 043 |
|
|
|a e-xo---
|
| 044 |
|
|
|a xo
|c SK
|
| 072 |
|
7 |
|a 58
|x Botanika
|2 konspekt
|
| 080 |
|
|
|a 58:069.029
|2 2011
|
| 080 |
|
|
|a 069.5:58
|2 2011
|
| 080 |
|
|
|a 581.9
|2 2011
|
| 080 |
|
|
|a (437.6)
|2 2011
|
| 080 |
|
|
|a (036)
|2 2011
|
| 100 |
1 |
|
|a Homolová, Zuzana
|4 aut
|4 edt
|4 pht
|9 268302
|
| 245 |
1 |
0 |
|a Exposition der Tatra-Natur
|b botanischer Garten
|c [Autoren der Texte: Zuzana Homolová, Zuzana Kyselová, Jana Černická ; Übersetzung: Martina Šturcelová]
|
| 260 |
|
|
|a Tatranská Lomnica
|b Slowakischer Bund für Natur- und Landschaftschutz, Grundorganisation Hohe Tatra
|c 2016
|
| 300 |
|
|
|a [16 s.]
|b fareb. fotogr.
|c 21 cm
|
| 366 |
|
|
|e 500 výt.
|
| 500 |
|
|
|a Názov z obalu
|
| 610 |
2 |
7 |
|a Expozícia tatranskej prírody (Tatranská Lomnica, Slovensko)
|2 SNKKA
|9 422821
|
| 650 |
0 |
7 |
|a botanické záhrady
|2 SNKPH
|9 69138
|
| 650 |
0 |
7 |
|a botanické zbierky
|2 SNKPH
|9 100372
|
| 650 |
0 |
7 |
|a flóra
|2 SNKPH
|9 85117
|
| 650 |
0 |
7 |
|a Botanical gardens
|2 SNKPHeng
|9 357781
|
| 650 |
0 |
7 |
|a Plant collections
|2 SNKPHeng
|9 374553
|
| 650 |
0 |
7 |
|a Plants
|2 SNKPHeng
|9 296405
|
| 651 |
|
7 |
|a Tatranská Lomnica (Vysoké Tatry, Slovensko)
|2 SNKPH
|9 160914
|
| 651 |
|
7 |
|a Tatranská Lomnica (Vysoké Tatry, Slovakia)
|2 SNKPHeng
|9 414808
|
| 655 |
|
7 |
|a informačné publikácie
|2 SNKPH
|9 70181
|
| 655 |
|
7 |
|a Information publications
|2 SNKPHeng
|9 265188
|
| 700 |
1 |
|
|a Kyselová, Zuzana
|4 aut
|4 pht
|9 13111
|
| 700 |
1 |
|
|a Černická, Jana
|4 aut
|4 pht
|9 401651
|
| 700 |
1 |
|
|a Šturcelová, Martina
|c (prekladateľka)
|4 trl
|9 186330
|
| 919 |
|
|
|a 978-80-970332-5-5
|
| 958 |
|
|
|a OP
|
| 968 |
|
|
|b DT
|
| 999 |
|
|
|c 931748
|d 933678
|
| 952 |
|
|
|a SNK
|b SNK
|y PREZ
|7 0
|p 17A1197478
|o snkOSC 27581
|i snk2016/14562
|8 0
|0 0
|1 0
|4 0
|d 2016-06-06
|l 0
|r 2026-02-24 08:51:39
|w 2026-02-24
|